000 00365nam a2200157Ia 4500
008 230312s9999||||xx |||||||||||||| ||und||
020 _a0-201-57164-1
082 _a005.133
_bLEW
100 _aJhon Lewis
245 0 _aJava
260 _bAddison Wesley
_aLondon
_c1998
300 _a857
546 _aEng.
650 _aComputer
_vGraphics, inheritene
942 _cBK
999 _c3182
_d3182